000 00938nam a2200349 b 4500
001 o000214
003 DO-SdBPM
005 20250707120646.0
007 ta
008 061108s2006 sp | ||| ||spa
017 _a
_b
020 _a8466318690
035 _a
040 _aDO-SdBPM
_bspa
_cBPMSU
_e rda
080 0 _a
080 0 _a
082 4 _a863.6
_bM778L 2006
_222
100 1 _aMontero, Rosa,
_d1951-
_eautora
245 1 3 _aLa loca de la casa /
_cRosa Montero.
_h
250 _a2a. ed.
264 _aMadrid :
_bPunto de Lectura,
_c2006.
300 _a248 páginas ;
_c19 cm
336 _atexto
_btxt
_2rdacontent
337 _asin mediación
_bnc
_2rdamedia
338 _avolumen
_bnc
_2rdacarrier
490 0 _aPunto de lectura,
_v14/3
590 _aInvetariado, 2025/VM
650 7 _aNovela española
650 7 _aAmor
_vnovela
910 _aVMateo V. Control de calidad. BPMSU
942 _2ddc
_cBK
999 _c10987
_d10987